Neue landwirthschaftliche Erfahrungen

Bibliographic Details
Main Author: Boyneburg, Heinrich Wilhelm von (Author)
Other Authors: Krieger, Johann Christian (Printer)
Format: Book
Language:German
PhysicalDescription:1 nečíslovaný list, IV strany, 50 strán, 1 nečíslovaný list ilustrácie, tabuľky 8° 18 x 11 cm
Subjects:

MARC

LEADER 00000nam a2200000 4500
001 vtls012251092
003 SK-MaSNL
005 20260301192440.0
008 251112s1819 gw a f 000 0 ger
015 |a SNBHFA 
040 |a SNKHF  |b slo  |c SNKHF  |e rda 
041 0 |a ger 
044 |a gw  |c DE 
072 7 |a 63  |x Poľnohospodárstvo a príbuzné oblasti vedy a techniky  |2 konspekt 
080 |a 631  |2 2011 
100 1 |a Boyneburg, Heinrich Wilhelm von  |4 aut  |9 570468 
245 1 0 |a Neue landwirthschaftliche Erfahrungen  |c von Heinrich Wilhelm von Boyneburg, zu Lengsfeld 
264 3 |a Marburg und Kassel  |b bey Johann Christian Krieger  |c 1819 
300 |a 1 nečíslovaný list, IV strany, 50 strán, 1 nečíslovaný list  |b ilustrácie, tabuľky  |c 8°  |c 18 x 11 cm 
336 |a text  |b txt  |2 rdacontent 
337 |a bez média  |b n  |2 rdamedia 
338 |a zväzok  |b nc  |2 rdacarrier 
500 |a Vinety, signety, ozdobné iniciálky 
501 |a Príväzok 1.: Die Alte und Neue Landwirthschaftsverfassung der Deutschen. [Miesto tlače nie je známe]: [tlačiar nie je známy], 1819. 8°.  |5 SNK ID 103406/prív.1 
504 |a Kustody 
546 |a Nemčina  |b Fraktúra 
561 |a Proveniencia: pečiatka: Dr. E. Kadarász- ver. not. Poz. Margity Zayovej.  |5 SNK ID 103406 
563 |a Väzba: papierová.  |5 SNK ID 103406 
650 0 7 |a poľnohospodárstvo  |2 SNKPH  |9 679 
700 1 |a Zaiová, Margita,  |d 1868-1937  |4 fmo  |9 186369 
700 1 |a Kadarász, Ernest  |4 oth  |9 302455 
700 1 |a Krieger, Johann Christian  |4 prt  |9 570469 
752 |a Nemecko  |d Marburg 
752 |a Nemecko  |d Kassel 
852 |a snk  |b Zaiova knižnica  |p ID 103406 
958 |a DF 
958 |a ONDV 
999 |c 874234  |d 876164 
952 |t Zay 7315; Z 8643  |a SNK  |b SNK  |c SNK_HF  |y PREZ  |7 0  |p 17A1400539  |o snkID 103406  |i snk2024/3028  |8 5  |0 0  |1 0  |4 0  |d 2024-02-22  |l 0  |r 2026-02-24 05:53:38  |w 2026-02-24